Dinero exótico : (Registro nro. 13047)

Detalles MARC
000 -LIDER
fixed length control field 00799nam a22002177a 4500
003 - IDENTIFICACDOR DE NÚMERO DE CONTROL
control field DO-SdBNP
005 - DATE AND TIME OF LATEST TRANSACTION
control field 20171124104137.0
008 - ELEMENTOS DE LONGITUD FIJA
fixed length control field 171123b 2001 sp a ||||| |||| 00| 0 spa d
020 ## - ISBN
International Standard Book Number 843693430X
040 ## - FUENTE DE CATALOGACIÓN
Agencia que crea de manera original el registro BPMSU
Idioma de catalogación spa
Agencia que realiza la transcripción BPMSU
092 ## - LOCALLY ASSIGNED DEWEY DECIMAL CALL NUMBER
Número de clasificación xxxx
Número de ítem (Cutter) xxxx
245 00 - MENCIÓN DE TITULO
Título Dinero exótico :
Subtítulo una nueva colección del Museo Arqueológico Nacional /
Mención de responsabilidad textos Carmen Alfaro Asins... [et al.].
260 ## - PUBLICACIÓN, DISTRIBUCIÓN, ETC. (PIE DE IMPRENTA)
Lugar de publicación, distribución, etc Madrid :
Nombre del editor, distribuidor, etc. Secretaría de Estado de Cultura ,
Fecha de publicación, distribución, etc 2001.
300 ## - DESCRIPCIÓN FÍSICA
Extensión 95 p. :
Otros detalles físicos il. ;
Dimensiones 20 cm.
500 ## - NOTA GENERAL
Nota general Catálogo de la exposición celebrada en el Museo Arqueológico Nacional, febrero-abril 2001
504 ## - NOTA DE BIBLIOGRAFÍA, ETC.
Bibliography, etc Bibliografía : p. 94-95
700 1# - ASIENTO SECUNDARIO -- NOMBRE PERSONAL
Nombre personal Alfaro Asíns, Carmen
942 ## - ADDED ENTRY ELEMENTS (KOHA)
Source of classification or shelving scheme Dewey Decimal Classification
Koha item type Libros
945 ## - INFORMACIÓN DE PROCESAMIENTO LOCAL
Información de procesamiento local Inventario / 2017 LP
956 ## - LOCAL ELECTRONIC LOCATION AND ACCESS (OCLC)
Nombre de host LOPEREZ
Número de acceso 10
Información de compresión 20171123
Procesador de solicitud 0041
Instrucción BPMSU
Existencias
Withdrawn status Lost status Source of classification or shelving scheme Damaged status Not for loan Collection code Home library Current library Date acquired Source of acquisition Total Checkouts Barcode Date last seen Price effective from Koha item type
    Dewey Decimal Classification     Colección General Biblioteca Pública Metropolitana Salomé Ureña Biblioteca Pública Metropolitana Salomé Ureña 11/23/2017 Donación   BPMSU17110371 11/23/2017 11/23/2017 Libros